[Event "Pere Noel U1500"]
[Site "Montreal CAN"]
[Date "2016.12.28"]
[Round "3.12"]
[White "Begin, Francois"]
[Black "Chapdelaine, Gwyn"]
[Result "1-0"]
[WhiteElo "1261"]
[BlackElo "1079"]
[PlyCount "49"]
[EventDate "2016.12.26"]
[EventType "swiss"]
[EventRounds "5"]
[EventCountry "CAN"]

1. e4 e5 2. Nf3 Nc6 3. d4 exd4 4. Bc4 Bc5 5. c3 Nf6 6. e5 Ng4 7. Bxf7+ Kxf7 8.
Ng5+ Ke8 9. Qxg4 Nxe5 10. Qe4 d6 11. cxd4 Bb4+ 12. Nc3 Qf6 13. dxe5 dxe5 14.
Qxb4 Rf8 15. O-O Qg6 16. Qb5+ Bd7 17. Qxe5+ Kd8 18. Rd1 Rf5 19. Qd4 Qc6 20.
Qxg7 Kc8 21. Qxh7 b6 22. Be3 Rf6 23. Rac1 Rh6 24. Qe4 Qf6 25. Qxa8# 1-0

[Event "Pere Noel U1500"]
[Site "Montreal CAN"]
[Date "2016.12.28"]
[Round "3.14"]
[White "Dimov, Petre"]
[Black "Georgescu-Nicolau, Luca"]
[Result "1-0"]
[WhiteElo "1231"]
[BlackElo "931"]
[PlyCount "63"]
[EventDate "2016.12.26"]
[EventType "swiss"]
[EventRounds "5"]
[EventCountry "CAN"]

1. e4 e5 2. Bc4 Nf6 3. d4 Nc6 4. d5 Nb8 5. Nc3 d6 6. h3 Be7 7. Bg5 O-O 8. Qf3
Bd7 9. O-O-O c6 10. Nge2 cxd5 11. exd5 h6 12. Be3 e4 13. Qg3 Nh5 14. Qh2 Bg5
15. f4 Be7 16. g4 Nf6 17. Rdg1 Qc7 18. Bb3 b6 19. g5 hxg5 20. Rxg5 Nh7 21. h4
a5 22. Rhg1 g6 23. h5 Nxg5 24. fxg5 Kg7 25. Bd4+ f6 26. gxf6+ Bxf6 27. Rxg6+
Kf7 28. Bxf6 a4 29. Nxe4 axb3 30. Nxd6+ Qxd6 31. Qxd6 bxa2 32. Qe7# 1-0

[Event "Pere Noel U1500"]
[Site "Montreal CAN"]
[Date "2016.12.28"]
[Round "3.16"]
[White "Gomel, Francois-Xavier"]
[Black "Hebert, Guillaume"]
[Result "0-1"]
[WhiteElo "939"]
[BlackElo "1218"]
[PlyCount "81"]
[EventDate "2016.12.26"]
[EventType "swiss"]
[EventRounds "5"]
[EventCountry "CAN"]

1. e4 e5 2. Nf3 Nf6 3. d4 exd4 4. Nxd4 Nxe4 5. Qe2 Qe7 6. Be3 d5 7. Nd2 Nxd2 8.
Qxd2 c5 9. Bb5+ Bd7 10. Nf5 Qe6 11. Bxd7+ Nxd7 12. O-O-O Qxf5 13. Qxd5 Qxd5 14.
Rxd5 O-O-O 15. Rhd1 Be7 16. f4 Nf6 17. Rg5 Rxd1+ 18. Kxd1 Rd8+ 19. Kc1 Nd5 20.
Rxd5 Rxd5 21. g4 Kd7 22. c4 Rd6 23. Bxc5 Rc6 24. Bxa7 b6 25. Bb8 Bd6 26. Ba7
Kc8 27. c5 bxc5 28. f5 Ra6 29. Bxc5 Bxc5 30. a3 Kd7 31. Kc2 Rh6 32. b4 Be3 33.
Kb3 Rxh2 34. Kc4 Rg2 35. Kd3 Bg5 36. a4 Rxg4 37. Kc3 Rg3+ 38. Kc4 Rg4+ 39. Kc3
Be7 40. b5 Kc7 41. Kd3 0-1

[Event "Pere Noel U1500"]
[Site "Montreal CAN"]
[Date "2016.12.28"]
[Round "3.19"]
[White "Richard, Guillaume"]
[Black "Poulin, Roxane"]
[Result "0-1"]
[WhiteElo "1028"]
[BlackElo "1143"]
[PlyCount "96"]
[EventDate "2016.12.26"]
[EventType "swiss"]
[EventRounds "5"]
[EventCountry "CAN"]

1. e4 e5 2. Nf3 Nc6 3. Bb5 a6 4. Ba4 d6 5. c3 Nf6 6. d4 Bd7 7. Bg5 exd4 8. cxd4
Be7 9. e5 dxe5 10. dxe5 Ng4 11. h3 Ngxe5 12. Nxe5 Nxe5 13. Bxe7 Qxe7 14. Bxd7+
Qxd7 15. Qxd7+ Nxd7 16. Nc3 O-O 17. O-O b5 18. Nd5 c5 19. b3 Rfe8 20. Nc7 Kf8
21. Nxe8 Kxe8 22. Rfe1+ Kd8 23. Re2 Nf6 24. Rd1+ Kc7 25. Re7+ Kb6 26. Rxf7 Ka5
27. Rxg7 Kb4 28. Rg3 Ne4 29. Re3 Nc3 30. Ra1 a5 31. a3+ Kxb3 32. Ree1 b4 33. a4
Kb2 34. Kh2 b3 35. f4 c4 36. g4 Na2 37. f5 c3 38. Reb1+ Kc2 39. Rf1 Kb2 40.
Rae1 c2 41. Re2 Nc3 42. Rd2 Nxa4 43. f6 Nc3 44. f7 Rf8 45. h4 a4 46. Rdf2 a3
47. Re1 a2 48. Ref1 Nd1 0-1

[Event "Pere Noel U1500"]
[Site "Montreal CAN"]
[Date "2016.12.28"]
[Round "3.20"]
[White "Paquin, Robbie"]
[Black "Denis, Alain"]
[Result "1-0"]
[WhiteElo "1119"]
[BlackElo "1115"]
[PlyCount "53"]
[EventDate "2016.12.26"]
[EventType "swiss"]
[EventRounds "5"]
[EventCountry "CAN"]

1. e4 c5 2. Nf3 d6 3. c3 Bg4 4. Bc4 Nf6 5. d3 e6 6. Bg5 Be7 7. Qa4+ Nbd7 8.
Nbd2 a6 9. Qd1 O-O 10. h3 Bxf3 11. Nxf3 b5 12. Bb3 Nb6 13. Qe2 Nfd7 14. Bxe7
Qxe7 15. c4 b4 16. d4 Qf6 17. e5 dxe5 18. dxe5 Qg6 19. O-O Rae8 20. Bc2 f5 21.
exf6 Qxf6 22. Qe4 Qf5 23. Qe2 Qf6 24. b3 Re7 25. Be4 Ne5 26. Nxe5 Qxe5 27.
Bxh7+ 1-0

[Event "Pere Noel U1500"]
[Site "Montreal CAN"]
[Date "2016.12.29"]
[Round "4.36"]
[White "Perecowicz, Boaz"]
[Black "Morin-Pare, Victor"]
[Result "1-0"]
[WhiteElo "1420"]
[BlackElo "1492"]
[PlyCount "61"]
[EventDate "2016.12.26"]
[EventType "swiss"]
[EventRounds "5"]
[EventCountry "CAN"]

1. d4 Nf6 2. c4 c5 3. d5 e6 4. Nc3 exd5 5. cxd5 d6 6. e4 g6 7. Bd3 Bg7 8. Nge2
O-O 9. O-O a6 10. Rb1 b5 11. Ng3 Nbd7 12. Bf4 c4 13. Bc2 Nc5 14. a3 Re8 15. f3
Rb8 16. Qd2 Qc7 17. Rfe1 Nfd7 18. Nd1 Ne5 19. Nf2 a5 20. Be3 b4 21. f4 Ned7 22.
Bd4 Ba6 23. Bxg7 Kxg7 24. f5 Ne5 25. Qf4 Qe7 26. Ng4 Nxg4 27. Qxg4 Qe5 28. Rf1
Nd7 29. fxg6 Nf6 30. Nf5+ Kh8 31. g7+ 1-0

[Event "Pere Noel U1500"]
[Site "Montreal CAN"]
[Date "2016.12.29"]
[Round "4.37"]
[White "Chira, Dan"]
[Black "Girard-Plouffe, Francois"]
[Result "0-1"]
[WhiteElo "1485"]
[BlackElo "1474"]
[PlyCount "66"]
[EventDate "2016.12.26"]
[EventType "swiss"]
[EventRounds "5"]
[EventCountry "CAN"]

1. d4 d5 2. c4 c6 3. Nc3 e6 4. Qb3 Nf6 5. cxd5 exd5 6. Bg5 h6 7. Bh4 g5 8. Bg3
Bd6 9. Bxd6 Qxd6 10. f3 Qf4 11. Na4 Nbd7 12. e3 Qd6 13. Bd3 O-O 14. O-O-O b5
15. Nc3 a5 16. a3 Ba6 17. Nb1 c5 18. dxc5 Nxc5 19. Qa2 Rac8 20. Bc2 b4 21. Nh3
b3 22. Qa1 bxc2 23. Qa2 cxd1=Q+ 24. Kxd1 Bc4 25. Qa1 Bb3+ 26. Kd2 d4 27. e4
Ncxe4+ 28. fxe4 Nxe4+ 29. Kd3 Bc2+ 30. Ke2 Qa6+ 31. Ke1 Rfe8 32. Rg1 Nc3+ 33.
Kf2 Qe2+ 0-1

[Event "Pere Noel U1500"]
[Site "Montreal CAN"]
[Date "2016.12.29"]
[Round "4.38"]
[White "Gagnon-Styrczula, Philippe"]
[Black "Bercuvitz, Tani"]
[Result "1-0"]
[WhiteElo "1195"]
[BlackElo "1406"]
[PlyCount "55"]
[EventDate "2016.12.26"]
[EventType "swiss"]
[EventRounds "5"]
[EventCountry "CAN"]

1. e4 e5 2. Nf3 Nc6 3. Bb5 a6 4. Bxc6 dxc6 5. h3 Nf6 6. d3 Bd6 7. Nc3 h6 8. Be3
Qe7 9. a3 Be6 10. Qe2 a5 11. O-O O-O-O 12. Rfd1 Bd7 13. b4 axb4 14. axb4 b6 15.
d4 b5 16. dxe5 Bxe5 17. Nxe5 Qxe5 18. Ra8+ Kb7 19. Ra7+ Kb8 20. Rda1 c5 21.
Ra8+ Kb7 22. R1a7+ Kc6 23. Qxb5+ Kd6 24. Bxc5+ Ke6 25. Qc4+ Nd5 26. Qxd5+ Qxd5
27. exd5+ Ke5 28. Rxd8 1-0

[Event "Pere Noel U1500"]
[Site "Montreal CAN"]
[Date "2016.12.29"]
[Round "4.39"]
[White "Nanescu, Marin"]
[Black "Wang, Isabelle"]
[Result "0-1"]
[WhiteElo "1410"]
[BlackElo "1280"]
[PlyCount "78"]
[EventDate "2016.12.26"]
[EventType "swiss"]
[EventRounds "5"]
[EventCountry "CAN"]

1. d4 d5 2. Bf4 e6 3. Nf3 Nd7 4. e3 Ngf6 5. a3 Be7 6. c4 b6 7. Nc3 Bb7 8. Bd3
O-O 9. O-O c5 10. Re1 h6 11. cxd5 exd5 12. h3 Re8 13. Qc2 c4 14. Be2 a6 15. Nh2
b5 16. Bf3 Nb6 17. Ng4 Nxg4 18. Bxg4 Bd6 19. Bxd6 Qxd6 20. Rab1 Bc8 21. Bxc8
Raxc8 22. Qf5 Re6 23. Ne2 Rce8 24. Nf4 Rf6 25. Qg4 Qe7 26. Qe2 Rxf4 27. exf4
Qxe2 28. Rxe2 Rxe2 29. Kf1 Rd2 30. Ke1 Rxd4 31. g3 Re4+ 32. Kd2 f5 33. f3 Rd4+
34. Ke2 Na4 35. Ke1 Rd3 36. Ke2 Rb3 37. h4 Rxb2+ 38. Rxb2 Nxb2 39. Kd2 Kf7 0-1

[Event "Pere Noel U1500"]
[Site "Montreal CAN"]
[Date "2016.12.29"]
[Round "4.40"]
[White "Arsenault-Mahjoubi, Louis"]
[Black "Begin, Francois"]
[Result "1-0"]
[WhiteElo "1375"]
[BlackElo "1261"]
[PlyCount "121"]
[EventDate "2016.12.26"]
[EventType "swiss"]
[EventRounds "5"]
[EventCountry "CAN"]

1. d4 Nf6 2. c4 c5 3. d5 b5 4. cxb5 a6 5. bxa6 g6 6. Nc3 Bxa6 7. g3 d6 8. Bg2
Bg7 9. Nf3 O-O 10. O-O Nbd7 11. Re1 Qa5 12. e4 Rfb8 13. Re3 Ne8 14. Nd2 Nc7 15.
Bh3 Ne5 16. Bf1 Nb5 17. f4 Nxc3 18. Rxc3 Bxf1 19. Nxf1 Nd7 20. Ra3 Qb4 21. Rxa8
Rxa8 22. Qe2 Nb6 23. Nd2 Bxb2 24. Bxb2 Qxb2 25. Rb1 Qd4+ 26. Kf1 Rxa2 27. Nf3
Rxe2 28. Nxd4 Rxe4 29. Nc6 Nxd5 30. Kf2 Kg7 31. Kf3 Re3+ 32. Kf2 Kf6 33. Rd1
Ke6 34. Nd8+ Kf6 35. Rxd5 Ra3 36. g4 Ra4 37. g5+ Kg7 38. Kg3 Rd4 39. Rxd4 cxd4
40. Nc6 d3 41. Kf2 d2 42. Ke2 d1=B+ 43. Kxd1 f6 44. Nxe7 fxg5 45. fxg5 Kf7 46.
Nd5 Ke6 47. Ne3 Ke5 48. Nc4+ Kd5 49. Ne3+ Ke4 50. Ke2 Kf4 51. Kf2 Kxg5 52. Kg3
h6 53. h3 h5 54. h4+ Kh6 55. Kf4 g5+ 56. hxg5+ Kg6 57. Nd5 h4 58. Kg4 h3 59.
Nf4+ Kg7 60. Kxh3 Kh7 61. Kh4 1-0

[Event "Pere Noel U1500"]
[Site "Montreal CAN"]
[Date "2016.12.29"]
[Round "4.41"]
[White "Sison, Hubert"]
[Black "Grandmaison, Real"]
[Result "0-1"]
[WhiteElo "1331"]
[BlackElo "1238"]
[PlyCount "130"]
[EventDate "2016.12.26"]
[EventType "swiss"]
[EventRounds "5"]
[EventCountry "CAN"]

1. e4 e6 2. d4 c5 3. Nf3 cxd4 4. Nxd4 Nc6 5. Be3 a6 6. Bd3 Be7 7. a3 Nf6 8. c3
O-O 9. h3 e5 10. Nf5 Re8 11. Nd2 Bf8 12. g4 d5 13. Bg5 dxe4 14. Nxe4 Bxf5 15.
gxf5 Be7 16. Bxf6 Bxf6 17. Qf3 Bg5 18. h4 Bf4 19. Rd1 Qe7 20. Qg4 Kh8 21. Rg1
Rg8 22. Qh5 g6 23. fxg6 Rxg6 24. Ng5 Bxg5 25. Bxg6 fxg6 26. Qxg5 Qf7 27. Rd6
Rf8 28. Qd2 Qf5 29. Rdxg6 hxg6 30. Qh6+ Kg8 31. Rxg6+ Kf7 32. Rg7+ Ke8 33. Qd2
Na5 34. Qe3 Qb1+ 35. Ke2 Qxb2+ 36. Kf1 Nc4 37. Qg3 Qb1+ 38. Kg2 Qe4+ 39. Kg1
Nd2 40. Qg6+ Qxg6+ 41. Rxg6 Nf3+ 42. Kf1 Nxh4 43. Re6+ Kd7 44. Rxe5 Nf3 45. Re3
Nd2+ 46. Ke2 Nc4 47. Rd3+ Kc6 48. a4 Re8+ 49. Kf1 Kc5 50. Kg2 Re6 51. Rd4 Re2
52. Kg3 Ra2 53. f4 Rxa4 54. f5 Ra3 55. Rd3 Ne5 56. Re3 Kd6 57. Kf4 Ra4+ 58. Kg5
Rc4 59. f6 Rc7 60. Kf5 Rc5 61. Rg3 b5 62. Kg5 Ke6 63. Re3 Kf7 64. Rh3 Nd7+ 65.
Kf4 Nxf6 0-1

[Event "Pere Noel U1500"]
[Site "Montreal CAN"]
[Date "2016.12.29"]
[Round "4.42"]
[White "Pommainville, Vincent"]
[Black "Pan, Yu Xiang"]
[Result "1-0"]
[WhiteElo "1259"]
[BlackElo "1314"]
[PlyCount "105"]
[EventDate "2016.12.26"]
[EventType "swiss"]
[EventRounds "5"]
[EventCountry "CAN"]

1. Nf3 Nf6 2. d4 d5 3. Bf4 e6 4. Nbd2 Nbd7 5. e3 Be7 6. c4 O-O 7. Qc2 Re8 8.
Bd3 Nf8 9. Ne5 Nh5 10. Bg3 f5 11. cxd5 Qxd5 12. Ndf3 Qa5+ 13. Nd2 c6 14. Nec4
Qd5 15. O-O Nxg3 16. fxg3 g6 17. g4 Bg5 18. Nf3 Bd8 19. gxf5 gxf5 20. e4 Qd7
21. exf5 exf5 22. Nce5 Qg7 23. Bxf5 c5 24. Qc4+ Be6 25. Bxe6+ Nxe6 26. d5 Nf8
27. Qg4 Qxg4 28. Nxg4 h5 29. Nge5 Bf6 30. Rfe1 Re7 31. Rad1 Bxe5 32. Rxe5 Rxe5
33. Nxe5 Re8 34. Nf3 Re2 35. d6 Ne6 36. Rd2 Rxd2 37. Nxd2 Kf7 38. Ne4 c4 39. g3
Nd4 40. Kf2 a5 41. h3 b5 42. Ke3 Ne6 43. g4 hxg4 44. hxg4 Kg6 45. d7 Kf7 46.
Nc5 Nd8 47. Kd4 Kf6 48. Kd5 Kg5 49. Ne6+ Kxg4 50. Nxd8 a4 51. Ne6 a3 52. bxa3
c3 53. d8=Q 1-0

[Event "Pere Noel U1500"]
[Site "Montreal CAN"]
[Date "2016.12.29"]
[Round "4.43"]
[White "Tesar, Mathias"]
[Black "Dimov, Petre"]
[Result "1-0"]
[WhiteElo "1307"]
[BlackElo "1231"]
[PlyCount "113"]
[EventDate "2016.12.26"]
[EventType "swiss"]
[EventRounds "5"]
[EventCountry "CAN"]

1. d4 Nf6 2. Nf3 d5 3. Bf4 Nc6 4. e3 Bg4 5. Nbd2 e6 6. c3 Bd6 7. Bg3 a6 8. Bd3
Na7 9. O-O Nc8 10. Qa4+ c6 11. Ne5 O-O 12. f4 Ne7 13. e4 b5 14. Qc2 Bh5 15.
exd5 Nfxd5 16. Rae1 f5 17. Bh4 Qe8 18. g3 c5 19. Ndf3 Rc8 20. Qd2 Ng6 21. Nxg6
Qxg6 22. Ne5 Qe8 23. Kh1 Rc7 24. Be2 cxd4 25. Qxd4 Bxe2 26. Rxe2 Qa8 27. Rf3
Bc5 28. Qd3 Be7 29. Bxe7 Nxe7 30. Qd6 Qc8 31. Rd3 Nd5 32. Nf3 Rc6 33. Qe5 Nf6
34. Rd6 Rxd6 35. Qxd6 Ne4 36. Qe5 Qc4 37. Nd4 Re8 38. Nxf5 Nf6 39. Nd6 Qc6+ 40.
Kg1 Ng4 41. Qh5 Nf6 42. Qf7+ Kh8 43. Nxe8 Qxe8 44. Qxe8+ Nxe8 45. Rxe6 Nf6 46.
Rxa6 h5 47. Rb6 Kg8 48. Rxb5 Kf7 49. Rf5 Ke6 50. Re5+ Kd6 51. h3 g6 52. a4 Nd7
53. Rg5 Nf8 54. b4 Kc7 55. f5 gxf5 56. Rxf5 Ne6 57. Rxh5 1-0

[Event "Pere Noel U1500"]
[Site "Montreal CAN"]
[Date "2016.12.29"]
[Round "4.45"]
[White "Hebert, Guillaume"]
[Black "Chaudari, Prabhas"]
[Result "0-1"]
[WhiteElo "1218"]
[BlackElo "1360"]
[PlyCount "60"]
[EventDate "2016.12.26"]
[EventType "swiss"]
[EventRounds "5"]
[EventCountry "CAN"]

1. e4 c5 2. Nf3 d6 3. d3 Nf6 4. c3 Nc6 5. Be3 e6 6. Nbd2 Qc7 7. d4 cxd4 8. cxd4
Be7 9. Bd3 O-O 10. O-O a6 11. Rc1 b5 12. Qb3 d5 13. Qc2 Bb7 14. e5 Ng4 15.
Bxh7+ Kh8 16. h3 Nxe3 17. fxe3 g6 18. Bxg6 fxg6 19. Qxg6 Bd8 20. Qh6+ Kg8 21.
Qxe6+ Kh8 22. Qxd5 Qg7 23. Rxc6 Rc8 24. Rh6+ Qxh6 25. Qxb7 Rc7 26. Qe4 Rg7 27.
d5 Qxh3 28. Rf2 Rg4 29. Ne1 Rxf2 30. Kxf2 Qg3+ 0-1

[Event "Pere Noel U1500"]
[Site "Montreal CAN"]
[Date "2016.12.29"]
[Round "4.46"]
[White "Shakeri, Sharareh"]
[Black "Neshev, Nikolay"]
[Result "1/2-1/2"]
[WhiteElo "1238"]
[BlackElo "1117"]
[PlyCount "104"]
[EventDate "2016.12.26"]
[EventType "swiss"]
[EventRounds "5"]
[EventCountry "CAN"]

1. d4 d5 2. c4 c6 3. Nf3 Nf6 4. Nc3 Bf5 5. Bf4 e6 6. e3 Bb4 7. a3 Bxc3+ 8. bxc3
Qa5 9. Qb3 Nbd7 10. Qb4 Qxb4 11. cxb4 O-O 12. Be2 Rfe8 13. O-O h6 14. Rfc1 b5
15. cxb5 cxb5 16. Bxb5 Rec8 17. Bc6 Nb6 18. Bxa8 Rxa8 19. Ne5 Ne4 20. Nc6 Bh7
21. a4 Nd2 22. Na5 Bd3 23. Rc3 Bc4 24. Nxc4 Nbxc4 25. h3 g5 26. Bg3 Kg7 27. b5
a6 28. bxa6 Rxa6 29. f3 Rb6 30. Be1 Nb1 31. Rc1 Nba3 32. a5 Ra6 33. Kf2 Nb5 34.
Rcb1 Nbd6 35. Bb4 Nf5 36. Re1 Nb2 37. Ra3 Rc6 38. Bc5 Nc4 39. Ra2 Ra6 40. e4
Nh4 41. exd5 exd5 42. Re7 Ng6 43. Ra7 Re6 44. a6 Nf4 45. Rd7 Nd3+ 46. Kg3 Ne3
47. Ra1 Rxa6 48. Rxa6 Nf5+ 49. Kg4 Ne3+ 50. Kg3 Nf5+ 51. Kg4 Ne3+ 52. Kg3 Nf5+
1/2-1/2

[Event "Pere Noel U1500"]
[Site "Montreal CAN"]
[Date "2016.12.29"]
[Round "4.47"]
[White "Diraddo, Daniel"]
[Black "Dormeus, Sandy"]
[Result "1-0"]
[WhiteElo "1225"]
[BlackElo "925"]
[PlyCount "61"]
[EventDate "2016.12.26"]
[EventType "swiss"]
[EventRounds "5"]
[EventCountry "CAN"]

1. e4 e5 2. Nf3 Nc6 3. Bb5 a6 4. Ba4 b5 5. Bb3 Nf6 6. d3 Be7 7. O-O O-O 8. c3
d5 9. exd5 Nxd5 10. Re1 Qd6 11. Nbd2 Nf6 12. Nf1 Be6 13. Bc2 Bf5 14. Ng3 Qd7
15. Nxf5 Qxf5 16. d4 e4 17. Ng5 Qg6 18. Nxe4 Qh5 19. Nxf6+ Bxf6 20. Qxh5 g6 21.
Qd5 Ne7 22. Qf3 Kg7 23. Bd2 Rad8 24. Qh3 Kh8 25. Re2 Rd5 26. Qf3 Rd6 27. Rae1
Nd5 28. Re8 Rg8 29. Rxg8+ Kxg8 30. Bh6 Rd8 31. Qxd5 1-0

[Event "Pere Noel U1500"]
[Site "Montreal CAN"]
[Date "2016.12.29"]
[Round "4.48"]
[White "Imbeault, Marc"]
[Black "Piche, Eric"]
[Result "0-1"]
[WhiteElo "1277"]
[BlackElo "1117"]
[PlyCount "92"]
[EventDate "2016.12.26"]
[EventType "swiss"]
[EventRounds "5"]
[EventCountry "CAN"]

1. Nf3 Nf6 2. c4 d6 3. e3 e5 4. Nc3 b6 5. Be2 Bb7 6. Qc2 Be7 7. d3 a5 8. Bd2 h6
9. O-O O-O 10. a3 Nbd7 11. b4 axb4 12. axb4 Rxa1 13. Rxa1 Nh7 14. Ra7 Bc8 15.
Qa4 Ndf6 16. Ra8 Qd7 17. Qa7 c6 18. Qxb6 Bd8 19. Qb8 Be7 20. Ra7 Qe8 21. Qc7
Qd7 22. Qxd7 Bxd7 23. Bd1 Rc8 24. Na4 Bd8 25. e4 Nf8 26. Be3 Rb8 27. Bd2 Ne6
28. g3 Be7 29. g4 Nf4 30. g5 hxg5 31. Ne1 Bd8 32. Nc3 Bb6 33. Ra1 Bg4 34. c5
dxc5 35. bxc5 Bxc5 36. Bxf4 gxf4 37. Ra6 Bb4 38. Bxg4 Bxc3 39. Bh3 Bxe1 40.
Rxc6 Rb1 41. Bf5 Bb4+ 42. Kg2 Bf8 43. Kf3 Nh7 44. Kg4 Rg1+ 45. Kf3 g6 46. Bh3
Ng5+ 0-1

[Event "Pere Noel U1500"]
[Site "Montreal CAN"]
[Date "2016.12.29"]
[Round "4.49"]
[White "Chapdelaine, Gwyn"]
[Black "Jain, Ankita"]
[Result "1-0"]
[WhiteElo "1079"]
[BlackElo "1197"]
[PlyCount "41"]
[EventDate "2016.12.26"]
[EventType "swiss"]
[EventRounds "5"]
[EventCountry "CAN"]

1. e4 e5 2. Nf3 Nc6 3. Bc4 Bc5 4. O-O Nf6 5. Nc3 O-O 6. d3 h6 7. Bd2 d6 8. h3
Re8 9. Qc1 Nh7 10. Bxh6 Qf6 11. Bg5 Qg6 12. Nd5 Bb6 13. Bb5 Rf8 14. Bxc6 bxc6
15. Ne7+ Kh8 16. Nxg6+ fxg6 17. Bh6 gxh6 18. Qxh6 Rg8 19. Ng5 Rg7 20. Nxh7 Rxh7
21. Qf8# 1-0

[Event "Pere Noel U1500"]
[Site "Montreal CAN"]
[Date "2016.12.29"]
[Round "4.50"]
[White "Brunelle, Raymond"]
[Black "Blondin, Bernard"]
[Result "1-0"]
[WhiteElo "1179"]
[BlackElo "939"]
[PlyCount "73"]
[EventDate "2016.12.26"]
[EventType "swiss"]
[EventRounds "5"]
[EventCountry "CAN"]

1. e4 e6 2. d4 d5 3. exd5 exd5 4. Nf3 Bg4 5. Be2 Nc6 6. O-O h6 7. Re1 Nf6 8. a3
Ne4 9. c3 Nb8 10. Nbd2 Bf5 11. Nf1 Be7 12. N3d2 Nf6 13. Ng3 Bg6 14. Nf3 Bh7 15.
Ne5 O-O 16. Bd3 Nbd7 17. Nf5 Bd6 18. Qf3 h5 19. Qg3 g6 20. Nh6+ Kg7 21. Nf5+
Kg8 22. Bh6 Bxe5 23. dxe5 Ne4 24. Bxe4 Re8 25. Bxd5 c6 26. Bb3 Qb6 27. c4 Qc5
28. Bf4 Re6 29. Rad1 Nxe5 30. Bxe5 Rae8 31. Nh6+ Kf8 32. Bc3 Rxe1+ 33. Bxe1 Kg7
34. Bd2 f5 35. Qc3+ Re5 36. Be3 Kf6 37. Bxc5 1-0

[Event "Pere Noel U1500"]
[Site "Montreal CAN"]
[Date "2016.12.29"]
[Round "4.51"]
[White "Poulin, Roxane"]
[Black "Clozel, Claire-Marie"]
[Result "1-0"]
[WhiteElo "1143"]
[BlackElo "1022"]
[PlyCount "49"]
[EventDate "2016.12.26"]
[EventType "swiss"]
[EventRounds "5"]
[EventCountry "CAN"]

1. d4 d5 2. c4 Nf6 3. Nc3 e6 4. cxd5 exd5 5. Bg5 Be7 6. Qc2 h6 7. Bxf6 Bxf6 8.
e3 O-O 9. Bd3 Nc6 10. Nge2 Nb4 11. Qb1 Qd7 12. Bb5 Qg4 13. O-O Bf5 14. Qd1 Nc2
15. Rc1 Nb4 16. f3 Qg6 17. Nf4 Qg5 18. Re1 Rae8 19. Qd2 c6 20. Ba4 b5 21. Bb3
Bh3 22. Nxh3 c5 23. Nxg5 Bxg5 24. a3 Nc6 25. Bxd5 1-0

[Event "Pere Noel U1500"]
[Site "Montreal CAN"]
[Date "2016.12.29"]
[Round "4.52"]
[White "Georgescu-Nicolau, Luca"]
[Black "Paquin, Robbie"]
[Result "0-1"]
[WhiteElo "931"]
[BlackElo "1119"]
[PlyCount "36"]
[EventDate "2016.12.26"]
[EventType "swiss"]
[EventRounds "5"]
[EventCountry "CAN"]

1. e4 e5 2. Nf3 Nc6 3. Nc3 Nf6 4. Bb5 d6 5. Bxc6+ bxc6 6. O-O Bg4 7. h3 Be6 8.
d3 d5 9. exd5 Nxd5 10. Nxd5 Qxd5 11. d4 Rd8 12. Nxe5 Bd6 13. Qe2 O-O 14. Rd1
Rfe8 15. Bf4 f6 16. c4 Qxd4 17. Nxc6 Qxf4 18. g3 Qxc4 0-1

[Event "Pere Noel U1500"]
[Site "Montreal CAN"]
[Date "2016.12.29"]
[Round "4.55"]
[White "Denis, Alain"]
[Black "Richard, Guillaume"]
[Result "1/2-1/2"]
[WhiteElo "1115"]
[BlackElo "1028"]
[PlyCount "132"]
[EventDate "2016.12.26"]
[EventType "swiss"]
[EventRounds "5"]
[EventCountry "CAN"]

1. e4 e5 2. Nf3 Nc6 3. Bb5 a6 4. Ba4 Nf6 5. O-O Be7 6. Re1 O-O 7. c3 d6 8. h3
d5 9. d3 dxe4 10. Bxc6 exf3 11. Bxf3 Rb8 12. Rxe5 Bd6 13. Re1 Be6 14. Bg5 Be7
15. d4 Nd5 16. Bxe7 Nxe7 17. Nd2 Nd5 18. Bxd5 Bxd5 19. c4 Be6 20. d5 Bc8 21.
Nf3 Bd7 22. Qd2 h6 23. Re2 c6 24. Ne5 cxd5 25. Nxd7 Qxd7 26. Qxd5 Rbd8 27. Qxd7
Rxd7 28. Rae1 Rfd8 29. b3 Rd1 30. Rxd1 Rxd1+ 31. Kh2 Kh7 32. h4 Kg6 33. g4 h5
34. f3 hxg4 35. fxg4 Rd4 36. Rg2 f5 37. gxf5+ Kxf5 38. Kh3 Rd3+ 39. Rg3 Rd7 40.
a4 Kf4 41. c5 a5 42. h5 Rc7 43. Rg4+ Ke3 44. Rc4 Kd3 45. Kh4 Rc8 46. Kg5 Rc6
47. Kf5 b6 48. cxb6 Rxb6 49. Rg4 Rf6+ 50. Kg5 Rh6 51. Rc4 Rf6 52. Rc7 Rf1 53.
Kh4 Rg1 54. Rc5 Kd4 55. Rg5 Rb1 56. Kg4 Rg1+ 57. Kf5 Re1 58. Kg6 Re6+ 59. Kxg7
Re7+ 60. Kf8 Ra7 61. Rg2 Ra8+ 62. Kf7 Ra7+ 63. Kg6 Ra6+ 64. Kh7 Ra8 65. Kg6
Ra6+ 66. Kf7 Ra7+ 1/2-1/2

[Event "Pere Noel U1500"]
[Site "Montreal CAN"]
[Date "2016.12.30"]
[Round "5.33"]
[White "Girard-Plouffe, Francois"]
[Black "Perecowicz, Boaz"]
[Result "1/2-1/2"]
[WhiteElo "1474"]
[BlackElo "1420"]
[PlyCount "102"]
[EventDate "2016.12.26"]
[EventType "swiss"]
[EventRounds "5"]
[EventCountry "CAN"]

1. Nf3 c5 2. c4 Nf6 3. Nc3 Nc6 4. d4 cxd4 5. Nxd4 g6 6. e4 Nxd4 7. Qxd4 d6 8.
Be2 Bg7 9. Be3 O-O 10. Qd2 Ng4 11. Bxg4 Bxg4 12. f3 Be6 13. b3 f5 14. Bd4 Bxd4
15. Qxd4 fxe4 16. Qxe4 Qc8 17. Qe3 Rf5 18. O-O Re5 19. Qd4 Rg5 20. Ne4 Rh5 21.
Rf2 Qf8 22. Ng3 Rc5 23. Re2 Bd7 24. Rae1 Re8 25. b4 e5 26. Qd3 Rc7 27. Ne4 Be6
28. c5 dxc5 29. Nxc5 Rxc5 30. bxc5 Qxc5+ 31. Qe3 Qxe3+ 32. Rxe3 Bxa2 33. Ra3
Bd5 34. Rxa7 e4 35. Ra5 Bc6 36. Kf2 Rf8 37. Re3 exf3 38. gxf3 Rd8 39. Re2 Rd4
40. Re7 Rd8 41. h4 Re8 42. Rae5 Rf8 43. Re3 Rf4 44. Rd3 Bb5 45. Ke3 Rxf3+ 46.
Kxf3 Bxd3 47. Rxb7 Bf5 48. Kf4 h5 49. Kg5 Kf8 50. Kf6 Kg8 51. Ra7 Be4 1/2-1/2

[Event "Pere Noel U1500"]
[Site "Montreal CAN"]
[Date "2016.12.30"]
[Round "5.34"]
[White "Wang, Isabelle"]
[Black "Gagnon-Styrczula, Philippe"]
[Result "1/2-1/2"]
[WhiteElo "1280"]
[BlackElo "1195"]
[PlyCount "122"]
[EventDate "2016.12.26"]
[EventType "swiss"]
[EventRounds "5"]
[EventCountry "CAN"]

1. e4 c6 2. d4 d5 3. exd5 cxd5 4. Bd3 Nf6 5. c3 Bg4 6. Nf3 Nc6 7. Bf4 e6 8. h3
Bh5 9. Nbd2 Bd6 10. Bxd6 Qxd6 11. Qe2 O-O 12. O-O Rfe8 13. Qe3 Bxf3 14. Nxf3 e5
15. dxe5 Nxe5 16. Nxe5 Qxe5 17. Qd2 Qc7 18. Rfe1 Qd7 19. Qf4 Rxe1+ 20. Rxe1 b6
21. Qh4 Re8 22. Rxe8+ Qxe8 23. Kh2 Qe5+ 24. Qg3 Qxg3+ 25. Kxg3 Kf8 26. Kf4 Ke7
27. g4 h6 28. Ke5 Kd7 29. Bb5+ Kc7 30. f3 a6 31. Bxa6 Kc6 32. Bd3 Nd7+ 33. Kd4
Nc5 34. b4 Ne6+ 35. Ke3 Kd6 36. Bf5 Nc7 37. a4 Ke5 38. f4+ Kd6 39. Kd4 g5 40.
fxg5 hxg5 41. Bd3 Ne6+ 42. Ke3 Ke5 43. a5 bxa5 44. bxa5 Kd6 45. a6 Kc6 46. c4
dxc4 47. Bxc4 Nf4 48. Bf1 Kb6 49. Ke4 f6 50. Kf5 Nd5 51. Ke6 Ne3 52. Be2 Nc2
53. Kxf6 Nd4 54. Bf1 Nf3 55. Kf5 Ka7 56. Bd3 Ng1 57. Kxg5 Nxh3+ 58. Kf6 Nf2 59.
g5 Nxd3 60. g6 Nf4 61. g7 Nh5+ 1/2-1/2

[Event "Pere Noel U1500"]
[Site "Montreal CAN"]
[Date "2016.12.30"]
[Round "5.35"]
[White "Morin-Pare, Victor"]
[Black "Arsenault-Mahjoubi, Louis"]
[Result "1-0"]
[WhiteElo "1492"]
[BlackElo "1375"]
[PlyCount "61"]
[EventDate "2016.12.26"]
[EventType "swiss"]
[EventRounds "5"]
[EventCountry "CAN"]

1. d4 Nf6 2. c4 e6 3. Nc3 c5 4. d5 exd5 5. cxd5 d6 6. e4 g6 7. f4 Bg7 8. Bb5+
Nfd7 9. a4 a6 10. Bd3 O-O 11. Nf3 Nf6 12. O-O Bg4 13. Bd2 Nbd7 14. h3 Bxf3 15.
Qxf3 Qb6 16. Kh1 Qxb2 17. Ra2 Qb6 18. Rb1 Qc7 19. Rab2 Rab8 20. a5 c4 21. Be2
Rfe8 22. Rb4 Nc5 23. Rxc4 Qxa5 24. e5 Nfd7 25. Ne4 Qa2 26. Nxc5 Nxc5 27. Rd1
Nb3 28. Bc3 Rbd8 29. Rc7 dxe5 30. fxe5 Bxe5 31. Qxf7+ 1-0